000 00869cam a2200241 a 4500
001 000011407
005 20200929162437.0
008 091016s1967 mx 001 0 spa d
040 _aDO-SdBNP
_bspa
_cBNPHU
_dCatalogación noche
082 _a917.972
_bG216c, 1967
100 1 _aGarcía Leucona, Herlinda.
_927042
245 1 0 _aCuaderno de trabajo de geografía de la república mexicana /
_cHerlinda García Leucona, Victoria Andrade de Herrera.
250 _a2a ed.
260 _aMéxico :
_bHerrero,
_c1967.
300 _a216 p. :
_bil. ;
_c26 cm.
504 _aIncluye índice de contenido e índice de imagenes
650 4 _aGeografía
_zMéxico
_927043
650 4 _aHistoria
_zMéxico
_927044
651 4 _aMéxico
_xVida Social Y Costumbres
_927045
700 1 _aAndrade de Herrera, Victoria
_927046
910 _aCatalogación derivada / LC
049 _aBNGR
999 _c11113
_d11113